| 000 | 01015nam a22002537a 4500 | ||
|---|---|---|---|
| 005 | 20170124103057.0 | ||
| 010 | _aA-135414 | ||
| 020 | _c50.00 | ||
| 035 | _aA-135414 | ||
| 037 | _bCen Lib/Ret | ||
| 040 |
_aDPL _bHN |
||
| 082 |
_a826 _bपाठक |
||
| 100 |
_aपाठक , पद्माधर _975015 |
||
| 245 |
_aद्रिवेदी जी पत्र पाठक जी के नाम / _cपद्माधर पाठक |
||
| 246 |
_aDrivedi ji patr pathak ji ke naam _bby PadmaDhar Pathak |
||
| 260 |
_aजोधपुर _bगिरिधर प्रकाशन _c1982 |
||
| 270 |
_aवागरचौक _bजोधपुर |
||
| 300 |
_a214पृष्ठ. _c20सेमी(सजिल्द ) |
||
| 650 |
_aहिंदी साहित्य _975016 |
||
| 650 |
_aद्रिवेदी पत्रावली _91199 |
||
| 650 |
_aHindi Literature _975017 |
||
| 650 |
_aDraivedi Ptravli _975018 |
||
| 942 |
_2ddc _cHN _h826 _mपाठक |
||
| 999 |
_c117506 _d117506 |
||